01911nam a22002297a 4500003000400000005001700004008004100021040002800062100004900090245035300139260004100492300005500533502019300588504005300781505040700834650009401241651008301335700005501418700004001473700005001513830011801563OSt20191009215302.0170814b xxu||||| |||| 00| 0 esp d cDO-SdBJHaDO-SdBJHbspa1 aCornelio Farías, Danny Ferreresustentante10aPropuesta de modernización de la Fuerza Aérea de República Dominicana (2016-2020): Análisis diagnóstico de la Dirección de Operaciones Aéreas (A-3) / c Danny Ferrer Cornelio Farías, Laury de Jesús Barrera Hernández, asesores Gabriel Martínez Santana, Tebi Enrique Rodríguez Hernández  aSanto Domingo Este :bINSUDE, c2015 axiv, 34 páginas, ilustraciones-tablas-gráficos aTrabajo de grado (Licenciatura en Ciencias Aeronáuticas) -- Instituto Superior para la Defensa (INSUDE). -- Academia Aérea Gral. De Brigada Piloto Frank Andrés Feliz Miranda, 2015.  aIncluye referencias bibliográficas e índices aAntecedentes operacional de la Dirección de operaciones Aéreas (A-3) Fuerza Aérea de República Dominicana. -- Aspectos generales a modernizar de la Dirección de Operaciones Aéreas (A-3) Fuerza Aérea de República Dominicana. -- Propuesta de modernización de la Fuerza Aérea de República Dominicana (2016-2020): Análisis diagnostico de la Dirección de Operación Aéreas (A-3) 4aAnálisis de la Dirección de Operaciones Aéreas (A-3) -- Modernización (propuesta) 4aRepública Dominicana. Fuerza Aérea -- Dirección de Operaciones Aéreas1 aBarrera Hernández, Laury de Jesúsesustentante1 aMartínez Santana, Gabrieleasesor1 aRodríguez Hernández, Tebi Enriqueeasesor aINSUDE. Academia Aérea Gral. De Brig. Pil. Frank Andrés Feliz Miranda. Tesis y disertaciones académicas